All LE SSERAFIM Songs (until Spaghetti) - Statistics

General Stats
  • This quiz has been taken 120 times
    49 since last reset
  • The average score is 27 of 42
Answer Stats
Answer % Correct
HOT
96%
Smart
96%
ANTIFRAGILE
93%
CRAZY
93%
SPAGHETTI (feat. j-hope)
93%
FEARLESS
89%
UNFORGIVEN (ft.Nile Rodgers)
89%
Perfect Night
86%
Ash
82%
EASY
82%
DIFFERENT
75%
Impurities
75%
Pierrot
75%
1-800-hot-n-fun
71%
Blue Flame
71%
Come Over
71%
Swan Song
71%
Crazier
68%
Eve, Psyche & The Bluebeard’s wife
68%
Good Bones
68%
So Cynical (Badum)
68%
Sour Grapes
68%
The World Is My Oyster
64%
Fire in the belly
61%
Kawaii (Prod. Gen Hoshino)
61%
Good Parts (when the quality is bad but I am)
57%
No Celestial
57%
The Great Mermaid
57%
The Hydra
57%
Chasing Lightning
54%
Pearlies (My oyster is the world)
54%
Burn the Bridge
50%
Choices
50%
No Return (Into the unknown)
50%
We got so much
50%
FEARNOT (Between you, me and the lamppost)
46%
Born Fire
43%
Flash Forward
39%
Guardian
39%
Jewelry
36%
Star Signs
36%
Dresscode (Prod. imase)
25%
No matching quizzes found
Score Distribution
Percent of People with Each Score
Percentile by Number Answered
Your Score History
You have not taken this quiz since the last reset